00977nam a2200277 a 450000100060000000300080000600500170001400800410003102000360007202000350010803500210014304000320016404100080019608200250020410000220022924500940025126000480034530000270039349000520042050400640047265000310053665000420056765000190060970000190062883000520064757319BD-RjUL20211209080508.0081216s1998 cau b 001 0 eng  a0803972156 (cloth : alk. paper) a0803972164 (pbk. : alk. paper) a(BD-RjUL) 57443 aDLCcDLCdDLCdBD-RjULbeng aeng00a300.72223bVAC 19981 aVaughan, Roger J.10aCommunicating social science research to policymakers /cRoger J. Vaughan, Terry F. Buss. aThousand Oaks :bSage Publications,cc1998. axiii, 159 p. ;c23 cm. aApplied social research methods series ;vv. 48 aIncludes bibliographical references (p. 144-150) and index. 0aSocial sciencesxResearch. 0aCommunication in the social sciences. 0aSocial policy.1 aBuss, Terry F. aApplied social research methods series ;vv. 48